Stories from Indian classics, (Record no. 73573)

MARC details
000 -LEADER
fixed length control field 00743cam a22002531 4500
001 - CONTROL NUMBER
control field sa 67002981
003 - CONTROL NUMBER IDENTIFIER
control field DLC
005 - DATE AND TIME OF LATEST TRANSACTION
control field 20260227112335.0
008 - FIXED-LENGTH DATA ELEMENTS--GENERAL INFORMATION
fixed length control field 821020s1966 ii 000 0 eng
010 ## - LIBRARY OF CONGRESS CONTROL NUMBER
LC control number sa 67002981
035 ## - SYSTEM CONTROL NUMBER
System control number (OCoLC)8878075
040 ## - CATALOGING SOURCE
Original cataloging agency DLC
Transcribing agency MoU
Modifying agency DLC
041 1# - LANGUAGE CODE
Language code of text/sound track or separate title eng
Language code of original san
042 ## - AUTHENTICATION CODE
Authentication code premarc
050 00 - LIBRARY OF CONGRESS CALL NUMBER
Classification number GR305
Item number .K7
100 2# - MAIN ENTRY--PERSONAL NAME
Personal name Krishnaswami Aiyar, V.
245 10 - TITLE STATEMENT
Title Stories from Indian classics,
Statement of responsibility, etc. by V. Krishnaswami Aiyar. Translated from Sanskrit by P. Sankaranarayanan.
250 ## - EDITION STATEMENT
Edition statement [1st ed.]
260 ## - PUBLICATION, DISTRIBUTION, ETC.
Place of publication, distribution, etc. Bombay,
Name of publisher, distributor, etc. Bharatiya Vidya Bhavan,
Date of publication, distribution, etc. 1966.
300 ## - PHYSICAL DESCRIPTION
Extent x, 175 p.
Dimensions 18 cm.
440 #0 - SERIES STATEMENT/ADDED ENTRY--TITLE
Title Bhavan's book university,
Volume/sequential designation 142
650 #0 - SUBJECT ADDED ENTRY--TOPICAL TERM
Topical term or geographic name entry element Tales
Geographic subdivision India.
700 1# - ADDED ENTRY--PERSONAL NAME
Personal name Sankaranarayanan, P.,
Dates associated with a name 1898-

No items available.

Powered by Koha